| 000 | 00722cam a2200229 a 4500 | ||
|---|---|---|---|
| 001 | 000004671 | ||
| 005 | 20200929151459.0 | ||
| 008 | 890330s1976 sp 000 0 spa | ||
| 020 | _a8401441595 | ||
| 040 |
_aDO-SdBNP _bspa _cBNPHU |
||
| 082 |
_a843.914 _bR456 |
||
| 100 | 1 |
_aRey, Henri François, _d1920-1987. _913617 |
|
| 240 | 1 | 3 |
_aLe barbare _lEspañol |
| 245 | 1 | 3 |
_aEl bárbaro : _bnovela / _cHenri François Rey ; Ana Ma. de la Fuente. |
| 260 |
_aBarcelona : _bPlaza & Janes, _c1976. |
||
| 300 |
_a155 p. ; _c19 cm. |
||
| 490 | 1 |
_aRotativa _v153 |
|
| 534 |
_aTítulo Original: _tLe barbare. |
||
| 650 | 4 |
_aNovela francesa _91075 |
|
| 650 | 4 |
_aLiteratura francesa _91074 |
|
| 700 | 1 |
_aFuente, Ana Ma. de la, _etr. _913618 |
|
| 999 |
_c4477 _d4477 |
||